000 00769nam a2200301Ia 4500
005 20260330160950.0
008 008 300114s9999 xx 000 0 eng d
020 _a9780335236282
037 _aEBOOK
040 _aCRL
040 _beng
040 _cCRL
041 _2eng
041 _aeng
084 _qCRL
100 _aCoker
245 0 _aHealth Systems and the Challenge of Communicable Diseases: Experiences from Europe and Latin America
250 _a1
260 _bMcgraw Hill
260 _c2008
365 _aINR
365 _b122400
650 _aPublic Health
856 _uhttps://resolver.vitalsource.com/9780335236282/?brand=mcgrawhillindia.vitalsource.com
942 _cEBOOK
999 _c1844482
_d1844482